[Event "SR 3. liga A2 2012/2013"]
[Site "?"]
[Date "2013.02.24"]
[Round "9.5"]
[White "Hrubsa, Marian"]
[Black "Zajicek, Ferdinand"]
[Result "1/2-1/2"]
[WhiteElo "1820"]
[BlackElo "1830"]
[PlyCount "149"]
[EventDate "2012.??.??"]

1. e4 c5 2. Nf3 Nc6 3. d4 cxd4 4. Nxd4 d6 5. Nc3 Nf6 6. Be2 g6 7. Be3 Bg7 8.
O-O O-O 9. f3 Bd7 10. Qd2 a6 11. Rad1 Qc7 12. Nb3 Ne5 13. Qe1 Nc4 14. Bc1 Rac8
15. Qf2 Be6 16. Nd5 Bxd5 17. exd5 Nb6 18. c3 Nbxd5 19. Rfe1 Qb6 20. Bd3 Qxf2+
21. Kxf2 Rfe8 22. Re2 b5 23. a3 Rc7 24. Rde1 Kf8 25. Bg5 h6 26. Bd2 Nb6 27. Nd4
Nc4 28. Bc1 Nd5 29. Re4 Nf6 30. R4e2 Nd7 31. Nb3 Nde5 32. Bb1 Nb6 33. Nd4 Ned7
34. Nb3 Nc4 35. Bf4 g5 36. Bc1 a5 37. Rh1 Nf6 38. Nd4 e6 39. Nxb5 Rc5 40. a4 d5
41. b3 Nb6 42. Ba3 Nfd7 43. h4 Kg8 44. hxg5 hxg5 45. Bh7+ Kh8 46. Nd6 Rf8 47.
Nb5 Re8 48. Bb2 Rc6 49. g3 e5 50. Kg1 Rh6 51. Rxh6 Bxh6 52. Bf5 f6 53. Nd6 Re7
54. Nb7 Nb8 55. Nc5 N8d7 56. Nb7 Nb8 57. Nd8 N8d7 58. Nc6 Re8 59. Bxd7 Nxd7 60.
Nxa5 Ra8 61. Nc6 Bf8 62. Nb4 d4 63. Nd3 dxc3 64. Bxc3 Rc8 65. Bb2 Rb8 66. Nc1
Nc5 67. Ba1 Rd8 68. Bb2 Rd1+ 69. Kg2 Nd3 70. Nxd3 Rxd3 71. Bc1 Rxb3 72. Ra2 Rb6
73. Bd2 Bc5 74. Kh3 Kg7 75. Kg2 1/2-1/2

[Event "SR 3. liga A2 2012/2013"]
[Site "?"]
[Date "2013.02.24"]
[Round "9.5"]
[White "Papanek, Lubomir"]
[Black "Vach, Jozef"]
[Result "1-0"]
[WhiteElo "1590"]
[BlackElo "1793"]
[PlyCount "97"]
[EventDate "2012.??.??"]

1. d4 Nf6 2. c4 e6 3. Nf3 d5 4. e3 c6 5. Bd3 Nbd7 6. O-O Be7 7. Nc3 dxc4 8.
Bxc4 b5 9. Bd3 a6 10. e4 Bb7 11. e5 Nd5 12. Nxd5 cxd5 13. Bd2 Nb6 14. Ba5 Rb8
15. Rc1 O-O 16. Qc2 h6 17. Qc7 Na8 18. Qc3 Qd7 19. b4 Rbc8 20. Qb2 Rc6 21. Rxc6
Bxc6 22. Nd2 Bd8 23. Nb3 Bb6 24. Rc1 Rc8 25. Bb1 Qd8 26. Qd2 Qd7 27. Rc3 Bb7
28. Nc5 Bxc5 29. bxc5 Bc6 30. Qc2 g6 31. Rf3 Nc7 32. Bxc7 Rxc7 33. Rf6 Qe8 34.
h4 Qd8 35. h5 Be8 36. Qd3 Qc8 37. Qf3 Kh7 38. g4 b4 39. g5 a5 40. gxh6 Kxh6 41.
Qg4 Kg7 42. hxg6 fxg6 43. Bxg6 Bxg6 44. Rxg6+ Kh8 45. Qxe6 Qxe6 46. Rxe6 Rb7
47. Ra6 b3 48. axb3 Rxb3 49. Rxa5 1-0

[Event "SR 3. liga A2 2012/2013"]
[Site "?"]
[Date "2013.02.24"]
[Round "9.5"]
[White "Danihel, Jozef"]
[Black "Kanka, Tomas"]
[Result "1-0"]
[WhiteElo "1566"]
[BlackElo "1435"]
[PlyCount "98"]
[EventDate "2012.??.??"]

1. d4 Nf6 2. c4 e5 3. dxe5 Ne4 4. Qd3 Bb4+ 5. Nc3 Nc5 6. Qc2 Nc6 7. Nf3 O-O 8.
e3 d6 9. a3 Bxc3+ 10. Qxc3 Re8 11. b4 Ne4 12. Qc2 Bf5 13. Bd3 d5 14. Bb2 Bg6
15. Rd1 Ng5 16. Bxg6 Nxf3+ 17. gxf3 hxg6 18. f4 Qh4 19. cxd5 Ne7 20. Qe4 Nf5
21. Ke2 Rad8 22. Qf3 f6 23. e6 Nd6 24. Rhg1 g5 25. Rg4 Qh7 26. fxg5 f5 27. g6
Qh5 28. Rg3 Qh4 29. Rd4 Qh6 30. Rf4 Re7 31. h4 c6 32. Rg5 cxd5 33. Be5 Rxe6 34.
Bxd6 Rdxd6 35. Rfxf5 Rf6 36. Rxf6 gxf6 37. Rxd5 Rc6 38. Rd8+ Kg7 39. h5 Qg5 40.
Rd7+ Kg8 41. Rd5 Qg1 42. Qe4 Rc7 43. Qe8+ Kg7 44. Rd7+ Rxd7 45. Qxd7+ Kh6 46.
Qh7+ Kg5 47. g7 Qg4+ 48. f3 Qg2+ 49. Kd3 Qd2+ 1-0

[Event "SR 3. liga A2 2012/2013"]
[Site "?"]
[Date "2013.02.24"]
[Round "9.6"]
[White "Sturdik, Igor"]
[Black "Malar, Pavol"]
[Result "1-0"]
[WhiteElo "2027"]
[BlackElo "2118"]
[PlyCount "71"]
[EventDate "2012.??.??"]

1. e4 e6 2. d4 d5 3. Nc3 Bb4 4. e5 c5 5. a3 Ba5 6. b4 cxd4 7. Nb5 Bc7 8. f4 Ne7
9. Nf3 Bd7 10. Nxc7+ Qxc7 11. Bd3 Nbc6 12. Bb2 Nf5 13. Bxf5 exf5 14. Nxd4 Ne7
15. O-O O-O 16. Qh5 Qb6 17. Kh1 Rfc8 18. Qg5 Qd8 19. e6 f6 20. Qg3 Ba4 21. Rac1
Rc4 22. Rfe1 Qd6 23. h4 Rac8 24. h5 Kf8 25. c3 Be8 26. Qf3 Kg8 27. Rcd1 Ba4 28.
Rd2 Re8 29. g3 g6 30. Rh2 Nc6 31. hxg6 hxg6 32. Nxf5 Qf8 33. Qxd5 gxf5 34. e7+
Qf7 35. Rh8+ Kxh8 36. Qxf7 1-0

[Event "SR 3. liga A2 2012/2013"]
[Site "?"]
[Date "2013.02.24"]
[Round "9.6"]
[White "Hertel, Ondrej"]
[Black "Krist, Milan"]
[Result "1-0"]
[WhiteElo "2079"]
[BlackElo "1985"]
[PlyCount "75"]
[EventDate "2012.??.??"]

1. d4 d5 2. Nf3 Nf6 3. c4 e6 4. Bg5 Be7 5. e3 O-O 6. Nc3 b6 7. cxd5 Nxd5 8.
Bxe7 Qxe7 9. Nxd5 exd5 10. Bd3 Qb4+ 11. Qd2 Qxd2+ 12. Kxd2 c5 13. dxc5 bxc5 14.
b3 Be6 15. Rac1 Rc8 16. Ng5 h6 17. Nxe6 fxe6 18. Rc2 a6 19. Rhc1 Nd7 20. e4 d4
21. f3 Kf7 22. b4 Ke7 23. bxc5 Rc7 24. a4 Ne5 25. Rb1 Nxd3 26. Kxd3 e5 27. f4
exf4 28. Kxd4 Rd8+ 29. Ke5 Rdc8 30. Kxf4 Ke6 31. Rb6+ Rc6 32. Rxc6+ Rxc6 33. h4
Kf6 34. e5+ Ke6 35. Ke4 g6 36. g3 Rc8 37. c6 Rb8 38. c7 1-0

[Event "SR 3. liga A2 2012/2013"]
[Site "?"]
[Date "2013.02.24"]
[Round "9.6"]
[White "Mosny, Jaroslav"]
[Black "Bisco, Igor"]
[Result "1/2-1/2"]
[WhiteElo "1923"]
[BlackElo "2143"]
[PlyCount "32"]
[EventDate "2012.??.??"]

1. d4 Nf6 2. Nf3 g6 3. c4 Bg7 4. g3 O-O 5. Bg2 c5 6. O-O Nc6 7. d5 Na5 8. Nfd2
a6 9. Nc3 d6 10. Rb1 Bf5 11. e4 Bd7 12. h3 b5 13. b3 Qc8 14. Kh2 Rb8 15. Bb2
Nh5 16. Qc2 bxc4 1/2-1/2

[Event "SR 3. liga A2 2012/2013"]
[Site "?"]
[Date "2013.02.24"]
[Round "9.6"]
[White "Slamena, Michal"]
[Black "Klanica, Anton"]
[Result "1-0"]
[WhiteElo "1986"]
[BlackElo "1853"]
[PlyCount "55"]
[EventDate "2012.??.??"]

1. e4 e6 2. d4 d5 3. Nc3 Nf6 4. e5 Nfd7 5. f4 c5 6. Nf3 Nc6 7. Be3 Qb6 8. Bb5
a6 9. Bxc6 bxc6 10. O-O Qxb2 11. Qd2 Qb7 12. Rab1 Qa7 13. g4 Nb6 14. Ne2 Nc4
15. Qd3 Nxe3 16. Qxe3 cxd4 17. Nfxd4 Bc5 18. f5 Bd7 19. c3 Rb8 20. Qg5 Rxb1 21.
Rxb1 Rg8 22. Kg2 Qc7 23. Nf3 Kf8 24. Nf4 h6 25. Qh5 Be3 26. fxe6 Bxe6 27. Nxe6+
fxe6 28. Nh4 1-0

[Event "SR 3. liga A2 2012/2013"]
[Site "?"]
[Date "2013.02.24"]
[Round "9.6"]
[White "Holicky, Miroslav"]
[Black "Gajarsky, Roman"]
[Result "1/2-1/2"]
[WhiteElo "1750"]
[BlackElo "1873"]
[PlyCount "30"]
[EventDate "2012.??.??"]

1. e4 e5 2. Nf3 d5 3. d4 dxe4 4. Nxe5 Be6 5. Be2 Nd7 6. Nc4 Nb6 7. Nxb6 axb6 8.
c4 c6 9. Nc3 Bb4 10. O-O Bxc3 11. bxc3 f5 12. f3 Nf6 13. Bg5 exf3 14. Rxf3 O-O
15. Bd3 Qd7 1/2-1/2

[Event "SR 3. liga A2 2012/2013"]
[Site "?"]
[Date "2013.02.24"]
[Round "9.6"]
[White "Barca, Michal"]
[Black "Jancik, Ondrej"]
[Result "1/2-1/2"]
[WhiteElo "1825"]
[BlackElo "1701"]
[PlyCount "74"]
[EventDate "2012.??.??"]

1. c4 Nf6 2. Nc3 d5 3. cxd5 Nxd5 4. e4 Nxc3 5. bxc3 g6 6. d4 Bg7 7. f4 c5 8.
Nf3 Nc6 9. e5 O-O 10. Bb5 Na5 11. O-O a6 12. Be2 Be6 13. Be3 Nc4 14. Bxc4 Bxc4
15. Rf2 e6 16. dxc5 Qa5 17. Bd4 Rfd8 18. Rb1 Bd5 19. Qc1 Bf8 20. c6 Bxc6 21.
Bb6 Qd5 22. Bxd8 Rxd8 23. Rd2 Qc5+ 24. Kh1 Rxd2 25. Qxd2 Bd5 26. Nd4 Qc4 27.
Nb3 b5 28. Re1 b4 29. Rc1 Qe4 30. cxb4 Bxb4 31. Qf2 a5 32. Nd2 Qd3 33. Nf3 Qf5
34. Qh4 Bf8 35. h3 h6 36. Kh2 g5 37. Qg4 Kh7 1/2-1/2

[Event "SR 3. liga A2 2012/2013"]
[Site "?"]
[Date "2013.02.24"]
[Round "9.6"]
[White "Suchan, Jozef"]
[Black "Janas, Peter"]
[Result "1/2-1/2"]
[WhiteElo "1699"]
[BlackElo "1756"]
[PlyCount "59"]
[EventDate "2012.??.??"]

1. d4 Nf6 2. c4 c5 3. d5 b5 4. b3 e6 5. dxe6 dxe6 6. Qxd8+ Kxd8 7. cxb5 a6 8.
Nc3 Bd6 9. e3 Ke7 10. Nf3 Bb7 11. Be2 Rd8 12. Bb2 Nbd7 13. bxa6 Bxa6 14. Bxa6
Rxa6 15. O-O Ne5 16. Nxe5 Bxe5 17. Rfd1 Bxc3 18. Bxc3 Rxd1+ 19. Rxd1 Rxa2 20.
f3 Nd5 21. Bd2 Rc2 22. e4 Nc3 23. Bxc3 Rxc3 24. Rb1 g5 25. Rb2 Kf6 26. Kf2 Ke5
27. Ke2 h5 28. b4 cxb4 29. Rxb4 Rc2+ 30. Kf1 1/2-1/2

[Event "SR 3. liga A2 2012/2013"]
[Site "?"]
[Date "2013.02.24"]
[Round "9.6"]
[White "Drgon, Matus"]
[Black "Steinecker, Frantisek"]
[Result "1-0"]
[WhiteElo "1643"]
[BlackElo "1708"]
[PlyCount "71"]
[EventDate "2012.??.??"]

1. d4 Nf6 2. c4 d6 3. Nc3 g6 4. e4 Bg7 5. f3 c6 6. Be3 O-O 7. Qd2 e5 8. d5 c5
9. O-O-O Bd7 10. g4 a6 11. h4 h5 12. gxh5 Nxh5 13. Nh3 b5 14. f4 bxc4 15. Be2
Qc8 16. Bxh5 gxh5 17. f5 f6 18. Rdg1 Bxf5 19. exf5 Qxf5 20. Bh6 Ra7 21. Rg3 Kh7
22. Bxg7 Rxg7 23. Rxg7+ Kxg7 24. Rg1+ Kf7 25. Qg2 Qh7 26. Nf2 Nd7 27. Nfe4 Ke7
28. Qh3 Rg8 29. Qe6+ Kf8 30. Qxd6+ Ke8 31. Qe6+ Kf8 32. Rxg8+ Qxg8 33. Qd6+ Ke8
34. Qxd7+ Kf8 35. Qd8+ Kf7 36. Qxf6+ 1-0

[Event "SR 3. liga A2 2012/2013"]
[Site "?"]
[Date "2013.03.10"]
[Round "10.1"]
[White "Jozefek, Michal"]
[Black "Malar, Pavol"]
[Result "1-0"]
[WhiteElo "2060"]
[BlackElo "2118"]
[PlyCount "57"]
[EventDate "2012.??.??"]

1. d4 e6 2. c4 f5 3. Nf3 Nf6 4. g3 Be7 5. Bg2 O-O 6. O-O d6 7. Nc3 Qe8 8. Qc2
Nc6 9. d5 Nb4 10. Qb3 Na6 11. dxe6 Nc5 12. Qc2 Bxe6 13. Nd4 Bxc4 14. Nxf5 c6
15. Bf4 Rd8 16. Rad1 d5 17. b3 Ba6 18. Bh3 Nce4 19. Nxe4 Nxe4 20. Nxe7+ Qxe7
21. Be3 b6 22. Bg2 Nf6 23. Rd2 Ng4 24. Bd4 c5 25. Bb2 Nxf2 26. Rxf2 Qe3 27. Bf3
g5 28. h3 h5 29. Qg6# 1-0

[Event "SR 3. liga A2 2012/2013"]
[Site "?"]
[Date "2013.03.10"]
[Round "10.1"]
[White "Bisco, Igor"]
[Black "Diviak, Rastislav"]
[Result "1/2-1/2"]
[WhiteElo "2143"]
[BlackElo "2017"]
[PlyCount "51"]
[EventDate "2012.??.??"]

1. e4 d6 2. d4 Nf6 3. Nc3 g6 4. Nf3 Bg7 5. Be2 O-O 6. O-O c6 7. a4 Qc7 8. Re1
Nbd7 9. Bf1 e5 10. h3 Rd8 11. Bg5 Re8 12. Qd2 exd4 13. Nxd4 Nc5 14. Bd3 Ne6 15.
Nxe6 Bxe6 16. Bh6 Bh8 17. Bf4 Nd7 18. Rad1 Ne5 19. Bf1 Rad8 20. Qe3 a6 21. Qg3
b5 22. Bg5 f6 23. Be3 b4 24. Nb1 b3 25. c3 Qa5 26. Nd2 1/2-1/2

[Event "SR 3. liga A2 2012/2013"]
[Site "?"]
[Date "2013.03.10"]
[Round "10.1"]
[White "Pericka, Tomas"]
[Black "Slamena, Michal"]
[Result "0-1"]
[WhiteElo "2029"]
[BlackElo "1986"]
[PlyCount "58"]
[EventDate "2012.??.??"]

1. e4 c5 2. Nf3 d6 3. Bb5+ Bd7 4. Bxd7+ Qxd7 5. O-O Nf6 6. Re1 Nc6 7. c3 g6 8.
d4 Bg7 9. h3 O-O 10. Bg5 h6 11. Bh4 cxd4 12. cxd4 Nh5 13. Nc3 f5 14. exf5 Qxf5
15. d5 Ne5 16. Nxe5 Bxe5 17. Qg4 Qxg4 18. hxg4 Nf6 19. Bxf6 Rxf6 20. f3 Rc8 21.
Rac1 Rff8 22. Kf1 Kf7 23. Ke2 Rc5 24. Ne4 Rxd5 25. f4 Bxf4 26. Rf1 Ke6 27. Rc7
Rd4 28. Nc3 Rd2+ 29. Ke1 Rxb2 0-1

[Event "SR 3. liga A2 2012/2013"]
[Site "?"]
[Date "2013.03.10"]
[Round "10.1"]
[White "Gajarsky, Roman"]
[Black "Nemeckay, Rastislav"]
[Result "1/2-1/2"]
[WhiteElo "1873"]
[BlackElo "1980"]
[PlyCount "47"]
[EventDate "2012.??.??"]

1. e4 e5 2. Nf3 Nc6 3. Bc4 Bc5 4. d3 d6 5. Be3 Bxe3 6. fxe3 Be6 7. Bxe6 fxe6 8.
O-O Nf6 9. Nc3 Qe7 10. d4 O-O 11. d5 exd5 12. exd5 Nb8 13. e4 Nh5 14. Qe1 Nd7
15. Qh4 Qxh4 16. Nxh4 a6 17. Rxf8+ Rxf8 18. Rf1 g6 19. Rxf8+ Kxf8 20. Nf3 h6
21. Kf2 Ke7 22. g3 Nhf6 23. h3 Nc5 24. Nd2 1/2-1/2

[Event "SR 3. liga A2 2012/2013"]
[Site "?"]
[Date "2013.03.10"]
[Round "10.1"]
[White "Diviak, Rudolf"]
[Black "Barca, Michal"]
[Result "0-1"]
[WhiteElo "1852"]
[BlackElo "1825"]
[PlyCount "80"]
[EventDate "2012.??.??"]

1. b4 Nf6 2. Bb2 e6 3. b5 d5 4. e3 c5 5. c4 Be7 6. Nf3 O-O 7. Qc2 b6 8. Be2 Bb7
9. d3 a6 10. a4 Nbd7 11. Nc3 a5 12. O-O-O Ng4 13. Rdf1 dxc4 14. dxc4 Bg5 15.
Nxg5 Qxg5 16. Bf3 Rab8 17. Bxb7 Rxb7 18. Ne4 Qe7 19. h3 Ngf6 20. Ng5 h6 21. Nf3
e5 22. g4 e4 23. Nh4 Ne5 24. Nf5 Qe6 25. Rd1 Nd3+ 26. Kb1 Rd7 27. f4 Rfd8 28.
g5 Qxf5 29. gxf6 g6 30. Ba1 Qe6 31. Rhf1 Nb4 32. Rxd7 Qxd7 33. Qc3 Qxh3 34. Re1
Qg2 35. Bb2 Rd3 36. Qc1 Rd2 37. Rd1 Rc2 38. Rd8+ Kh7 39. Qd1 Rxb2+ 40. Ka1 Ra2+
0-1

[Event "SR 3. liga A2 2012/2013"]
[Site "?"]
[Date "2013.03.10"]
[Round "10.1"]
[White "Janas, Peter"]
[Black "Pericka, Pavol"]
[Result "0-1"]
[WhiteElo "1756"]
[BlackElo "1821"]
[PlyCount "102"]
[EventDate "2012.??.??"]

1. Nf3 Nc6 2. d4 d5 3. g3 Bg4 4. Bg2 Nf6 5. Ne5 e6 6. Nxg4 Nxg4 7. e4 Nf6 8.
exd5 Nxd5 9. O-O Be7 10. c4 Nb6 11. d5 exd5 12. cxd5 Ne5 13. Nc3 Nbc4 14. b3
Nd6 15. Bb2 O-O 16. Ne4 Nd7 17. Rc1 Nf6 18. Nxd6 Bxd6 19. Qf3 Nd7 20. Rfe1 Re8
21. Rxe8+ Qxe8 22. Qg4 Ne5 23. Qd4 Qe7 24. f4 c5 25. Qc3 f6 26. fxe5 Bxe5 27.
Qc2 Re8 28. Bxe5 Qxe5 29. Qxc5 Qb2 30. Qc2 Re1+ 31. Kf2 Qxc1 32. Qxc1 Rxc1 33.
Be4 Kf7 34. Bd3 Ra1 35. a4 Ra2+ 36. Kg1 g6 37. Bc4 Ke7 38. Kh1 Kd6 39. Kg1 Rb2
40. Kh1 f5 41. Kg1 h6 42. h3 g5 43. g4 f4 44. Kh1 Rd2 45. Kg1 Rxd5 46. Kf2 Rd2+
47. Kf3 Rh2 48. Bf1 Kc5 49. Ke4 Kb4 50. Kf5 Rd2 51. Bc4 Rc2 0-1

[Event "SR 3. liga A2 2012/2013"]
[Site "?"]
[Date "2013.03.10"]
[Round "10.1"]
[White "Ocko, Martin"]
[Black "Cebo, Vladimir"]
[Result "1-0"]
[WhiteElo "1661"]
[BlackElo "1627"]
[PlyCount "85"]
[EventDate "2012.??.??"]

1. e4 e5 2. Nf3 Nc6 3. Bb5 d6 4. d4 exd4 5. Nxd4 Bd7 6. Nxc6 bxc6 7. Bc4 Nf6 8.
Nc3 Be7 9. O-O O-O 10. Bf4 Be6 11. Bb3 Rb8 12. Qe2 Rb6 13. Be3 c5 14. f3 Bc8
15. Rfd1 Ba6 16. Qd2 Nd7 17. Nd5 Rb7 18. Qa5 Bb5 19. a4 Bc6 20. Nxe7+ Qxe7 21.
Qa6 Nb8 22. Qd3 Qe5 23. Bd2 Qe8 24. Bc3 Nd7 25. Bd5 Nb6 26. a5 Nxd5 27. exd5
Bb5 28. Qe4 Qd7 29. Qf4 Rbb8 30. Re1 Rbe8 31. Rxe8 Rxe8 32. Qg5 f5 33. Qd2 Re2
34. Qg5 Qf7 35. Re1 h6 36. Qd8+ Kh7 37. Qb8 a6 38. Qd8 Qxd5 39. Rxe2 Bxe2 40.
Qe7 Qd1+ 41. Kf2 Qf1+ 42. Kg3 f4+ 43. Kh3 1-0

[Event "SR 3. liga A2 2012/2013"]
[Site "?"]
[Date "2013.03.10"]
[Round "10.1"]
[White "Drgon, Matus"]
[Black "Pipiska, Adam"]
[Result "1-0"]
[WhiteElo "1643"]
[BlackElo "1674"]
[PlyCount "71"]
[EventDate "2012.??.??"]

1. d4 d6 2. c4 g6 3. Nc3 Bg7 4. e4 Nf6 5. f3 O-O 6. Be3 Nbd7 7. Qd2 c5 8. d5
Ne5 9. O-O-O a6 10. g4 b5 11. cxb5 axb5 12. Bxb5 Ba6 13. Bxa6 Rxa6 14. Qe2 c4
15. Bd4 Nd3+ 16. Rxd3 cxd3 17. Qxd3 Qa8 18. Nge2 Rb8 19. Rd1 Qb7 20. Qc2 Rc8
21. Kb1 Nd7 22. Bxg7 Kxg7 23. Nd4 Ne5 24. h3 Nc4 25. Qe2 Rb6 26. b3 Qc7 27. Nc6
Ne5 28. Qb2 f6 29. Nxe5 dxe5 30. Rc1 Qb7 31. Na4 Rxc1+ 32. Qxc1 Rb4 33. Nc5 Qb5
34. Ne6+ Kf7 35. Qc8 Qd3+ 36. Kb2 1-0

[Event "SR 3. liga A2 2012/2013"]
[Site "?"]
[Date "2013.03.10"]
[Round "10.2"]
[White "Kapusta, Petr"]
[Black "Sturdik, Igor"]
[Result "1-0"]
[WhiteElo "2152"]
[BlackElo "2027"]
[PlyCount "45"]
[EventDate "2012.??.??"]

1. e4 Nf6 2. Nc3 d5 3. exd5 Nxd5 4. Bc4 e6 5. Nf3 Be7 6. O-O O-O 7. d4 Nxc3 8.
bxc3 Nd7 9. Re1 b6 10. d5 Nc5 11. Nd4 Bf6 12. Ba3 Re8 13. Bb5 Bd7 14. dxe6 fxe6
15. Bxc5 bxc5 16. Bxd7 Qxd7 17. Nxe6 Qxd1 18. Raxd1 Bxc3 19. Re3 Ba5 20. Rd7
Bc3 21. Rxc3 Rxe6 22. g3 Rc6 23. Re3 1-0

[Event "SR 3. liga A2 2012/2013"]
[Site "?"]
[Date "2013.03.10"]
[Round "10.2"]
[White "Bahna, Jan"]
[Black "Strakac, Petr"]
[Result "0-1"]
[WhiteElo "1943"]
[BlackElo "2066"]
[PlyCount "66"]
[EventDate "2012.??.??"]

1. e4 e5 2. Nf3 Nc6 3. Bb5 a6 4. Ba4 Nf6 5. O-O Be7 6. Re1 b5 7. Bb3 O-O 8. a4
b4 9. c3 d5 10. exd5 Nxd5 11. Nxe5 Nxe5 12. Rxe5 c6 13. Bxd5 cxd5 14. d4 Bd6
15. Re1 Qh4 16. g3 Qh3 17. Nd2 Bg4 18. f3 Bxg3 19. hxg3 Qxg3+ 20. Kh1 Rae8 21.
Re5 f6 22. fxg4 fxe5 23. Qg1 Qh4+ 24. Qh2 Qe1+ 25. Qg1 exd4 26. Qxe1 Rxe1+ 27.
Kg2 dxc3 28. bxc3 bxc3 29. Nf3 Rd1 30. a5 d4 31. Bb2 Rxa1 32. Bxa1 c2 33. Bb2
Rb8 0-1

[Event "SR 3. liga A2 2012/2013"]
[Site "?"]
[Date "2013.03.10"]
[Round "10.2"]
[White "Hudacek, Josef"]
[Black "Krist, Milan"]
[Result "1-0"]
[WhiteElo "2067"]
[BlackElo "1985"]
[PlyCount "99"]
[EventDate "2012.??.??"]

1. e4 e6 2. d3 c5 3. g3 Nc6 4. Bg2 e5 5. Ne2 Nf6 6. Nbc3 d6 7. O-O Be7 8. f4
O-O 9. f5 Nd4 10. h3 h6 11. g4 Nh7 12. Nd5 Bg5 13. Ne3 b5 14. c3 Nxe2+ 15. Qxe2
Bb7 16. b3 Qb6 17. Qf2 Qd8 18. c4 b4 19. Bf3 a5 20. a4 Re8 21. Ra2 Bh4 22. Qh2
Bg5 23. Ng2 Bxc1 24. Rxc1 f6 25. Rf1 Kf8 26. Bd1 Ke7 27. h4 Kd7 28. Ne1 Rh8 29.
Nf3 Qe7 30. Qd2 Rag8 31. Qe3 Kc7 32. Rg2 Bc8 33. Kf2 g5 34. fxg6 Rxg6 35. Rfg1
Rhg8 36. h5 Rxg4 37. Rxg4 Rxg4 38. Qxh6 Rxg1 39. Kxg1 f5 40. Qg6 f4 41. h6 Bd7
42. Be2 Be8 43. Qg8 Qf7 44. Qxf7+ Bxf7 45. Nh4 Be8 46. Bg4 Nf6 47. Kg2 Bd7 48.
Bf5 Bxa4 49. bxa4 b3 50. Nf3 1-0

[Event "SR 3. liga A2 2012/2013"]
[Site "?"]
[Date "2013.03.10"]
[Round "10.2"]
[White "Mosny, Jaroslav"]
[Black "Londin, Martin"]
[Result "1/2-1/2"]
[WhiteElo "1923"]
[BlackElo "1956"]
[PlyCount "46"]
[EventDate "2012.??.??"]

1. d4 d5 2. Nf3 Nf6 3. e3 e6 4. Bd3 b6 5. O-O Bb7 6. b3 Nbd7 7. Bb2 Bd6 8. Nbd2
O-O 9. Ne5 c5 10. f4 g6 11. Rf3 Bxe5 12. fxe5 Nh5 13. Rh3 f5 14. Qe2 cxd4 15.
Bxd4 Nc5 16. Nf3 Rc8 17. Bb2 a6 18. Nd4 Ng7 19. Rf3 h5 20. Rff1 Rc7 21. b4 Nxd3
22. cxd3 Qd7 23. Rfc1 Rfc8 1/2-1/2

[Event "SR 3. liga A2 2012/2013"]
[Site "?"]
[Date "2013.03.10"]
[Round "10.2"]
[White "Vepy, Ivan"]
[Black "Bukovsky, Milan"]
[Result "1-0"]
[WhiteElo "1921"]
[BlackElo "1956"]
[PlyCount "149"]
[EventDate "2012.??.??"]

1. e4 e5 2. Bc4 Nf6 3. d3 c6 4. a3 Be7 5. Ne2 O-O 6. O-O d5 7. exd5 Nxd5 8. Ng3
Be6 9. Qe1 Nd7 10. Kh1 Bg5 11. Nd2 Nc7 12. Nge4 Be7 13. f4 exf4 14. Rxf4 Bxc4
15. Nxc4 Ne6 16. Rf1 Nf6 17. Ng3 Nd5 18. Nf5 Bg5 19. Qg3 Bxc1 20. Raxc1 Qg5 21.
Rce1 Qxg3 22. Nxg3 Rad8 23. h3 Nef4 24. Nf5 Rfe8 25. Na5 g6 26. Rxe8+ Rxe8 27.
Nd6 Re6 28. Naxb7 g5 29. Ne4 Ne3 30. Rf2 h6 31. Nbc5 Re7 32. b4 Nexg2 33. Rxg2
Nxg2 34. Kxg2 Kg7 35. Kf3 f5 36. Ng3 Kf6 37. Nb3 Re1 38. a4 Ke5 39. Kf2 Rb1 40.
Nf1 f4 41. Nfd2 Rh1 42. Kg2 Rd1 43. c4 h5 44. d4+ Ke6 45. b5 Kd7 46. Ne4 cxb5
47. axb5 g4 48. hxg4 hxg4 49. Nf6+ Kc8 50. Nxg4 Rd3 51. Nc5 Rg3+ 52. Kf2 Rxg4
53. Kf3 Rg3+ 54. Kxf4 Rc3 55. Ne4 Rh3 56. Nd6+ Kd7 57. c5 Rh4+ 58. Ke5 Rh5+ 59.
Nf5 Rg5 60. d5 Rg1 61. d6 Re1+ 62. Kd5 Rb1 63. Nd4 Rd1 64. c6+ Kd8 65. d7 Ke7
66. Kc4 Re1 67. Nf5+ Kd8 68. Nd6 Rc1+ 69. Kd5 Rd1+ 70. Ke6 Re1+ 71. Kf6 Rf1+
72. Nf5 Rb1 73. Nd4 Rf1+ 74. Ke6 Re1+ 75. Kd6 1-0

[Event "SR 3. liga A2 2012/2013"]
[Site "?"]
[Date "2013.03.10"]
[Round "10.2"]
[White "Klanica, Anton"]
[Black "Hrubsa, Marian"]
[Result "1-0"]
[WhiteElo "1853"]
[BlackElo "1820"]
[PlyCount "113"]
[EventDate "2012.??.??"]

1. e4 e6 2. d4 d5 3. exd5 exd5 4. Nf3 Bd6 5. Bd3 Ne7 6. c3 O-O 7. Bxh7+ Kxh7 8.
Ng5+ Kg8 9. g4 Ng6 10. Qf3 Re8+ 11. Kd1 Qe7 12. Bd2 f6 13. Re1 Qd7 14. Qxd5+
Kh8 15. Nf7+ Kh7 16. Qh5+ Kg8 17. Nh6+ Kf8 18. Qxg6 Rxe1+ 19. Kxe1 Qe8+ 20.
Qxe8+ Kxe8 21. Nf5 Bxf5 22. gxf5 Bxh2 23. Ke2 Bd6 24. Be3 Nc6 25. Nd2 Ne7 26.
Rh1 Kf7 27. Rh5 c6 28. Ne4 Bc7 29. Nc5 Re8 30. Kf3 Nxf5 31. b3 Nxe3 32. fxe3 b6
33. Nd3 Kg6 34. Rh1 Kf5 35. Rh7 Kg6 36. Rh1 f5 37. c4 Rd8 38. Rg1+ Kf6 39. Nb4
Rh8 40. Nxc6 g5 41. Rg2 Rh1 42. Nb4 Bd6 43. Nd3 Ra1 44. Rc2 g4+ 45. Kg2 Kg5 46.
c5 bxc5 47. dxc5 Bc7 48. c6 Rd1 49. Nf4 Rd6 50. b4 Rh6 51. b5 Rd6 52. a4 Bb6
53. c7 Bxc7 54. Rxc7 Rd2+ 55. Kg3 Ra2 56. Rc6 Rg2+ 57. Nxg2 1-0

[Event "SR 3. liga A2 2012/2013"]
[Site "?"]
[Date "2013.03.10"]
[Round "10.2"]
[White "Vach, Jozef"]
[Black "Holicky, Miroslav"]
[Result "1-0"]
[WhiteElo "1793"]
[BlackElo "1750"]
[PlyCount "99"]
[EventDate "2012.??.??"]

1. d4 Nf6 2. c4 g6 3. Nc3 d5 4. cxd5 Nxd5 5. e4 Nxc3 6. bxc3 Bg7 7. Be3 c5 8.
Qd2 Qa5 9. Nf3 Nc6 10. Be2 cxd4 11. Nxd4 O-O 12. Rc1 Bd7 13. Nb3 Qc7 14. f4
Rfd8 15. Qc2 Rac8 16. O-O Na5 17. c4 Nc6 18. Rfd1 Nb4 19. Qb1 a5 20. h3 Bc6 21.
a3 Na6 22. c5 Rxd1+ 23. Rxd1 a4 24. Nd2 Nb8 25. Nc4 Rd8 26. Rxd8+ Qxd8 27. Qd3
Qxd3 28. Bxd3 Nd7 29. e5 Bb5 30. Nb2 Bxd3 31. Nxd3 e6 32. Nb2 g5 33. g3 gxf4
34. gxf4 f6 35. exf6 Nxf6 36. Nxa4 Nd5 37. Kf2 Bf8 38. Kf3 Kf7 39. Ke4 Bg7 40.
Nb6 Nc3+ 41. Kd3 Nd1 42. Bd4 Nb2+ 43. Ke4 Bxd4 44. Kxd4 Ke7 45. a4 Kd8 46. Ke5
Nd3+ 47. Kd6 Nxf4 48. a5 Nd3 49. a6 bxa6 50. c6 1-0

[Event "SR 3. liga A2 2012/2013"]
[Site "?"]
[Date "2013.03.10"]
[Round "10.2"]
[White "Jancik, Ondrej"]
[Black "Jarabek, Milan"]
[Result "0-1"]
[WhiteElo "1701"]
[BlackElo "1663"]
[PlyCount "98"]
[EventDate "2012.??.??"]

1. e4 c5 2. Nf3 d6 3. d4 cxd4 4. Nxd4 Nf6 5. Nc3 a6 6. f3 e6 7. Be3 Be7 8. Be2
Nc6 9. O-O O-O 10. Kh1 Nxd4 11. Qxd4 b5 12. Rac1 Bb7 13. Rfd1 Qc7 14. Qb6 Qxb6
15. Bxb6 b4 16. Nb1 Rac8 17. c3 Rc6 18. Be3 bxc3 19. Rxc3 Rfc8 20. Rdc1 Rxc3
21. Rxc3 Rxc3 22. Nxc3 Kf8 23. a3 Ke8 24. Na4 Kd7 25. Kg1 Kc6 26. Kf2 d5 27. e5
Nd7 28. f4 Nc5 29. Nc3 f6 30. Bd4 Nb3 31. exf6 gxf6 32. Ba7 Bc5+ 33. Bxc5 Kxc5
34. g4 e5 35. fxe5 fxe5 36. g5 Nc1 37. Bf1 d4 38. Na4+ Kd6 39. h4 e4 40. h5 e3+
41. Ke1 d3 42. Bxd3 Nxd3+ 43. Ke2 Nf4+ 44. Kxe3 Nxh5 45. b4 Ng7 46. Nc5 Bc8 47.
Ne4+ Ke5 48. Nf6 Bf5 49. Nd7+ Bxd7 0-1

[Event "SR 3. liga A2 2012/2013"]
[Site "?"]
[Date "2013.03.10"]
[Round "10.3"]
[White "Sebesta, Radovan"]
[Black "Travnicek, Petr"]
[Result "0-1"]
[WhiteElo "2061"]
[BlackElo "2119"]
[PlyCount "72"]
[EventDate "2012.??.??"]

1. d4 Nf6 2. c4 g6 3. Nc3 Bg7 4. e4 d6 5. f3 Nc6 6. Be3 a6 7. Qd2 Rb8 8. Bd3 e5
9. d5 Nd4 10. Nge2 Nd7 11. O-O O-O 12. Rad1 f5 13. exf5 Nxf5 14. Bf2 Bh6 15.
Qc2 Ne3 16. Bxe3 Bxe3+ 17. Kh1 Qh4 18. Ne4 Nf6 19. Nxf6+ Rxf6 20. Rde1 g5 21.
g3 Qh5 22. Nc3 Bd4 23. g4 Qh4 24. Qg2 h5 25. Ne4 Rh6 26. gxh5 Bh3 27. Qxg5+
Qxg5 28. Nxg5 Bxf1 29. Bxf1 Rf8 30. Bg2 Rxh5 31. Ne4 Kf7 32. Re2 Ke7 33. b3 c6
34. dxc6 bxc6 35. Ng3 Rg5 36. f4 Rxg3 0-1